|
|
|
|
| LEADER |
01589nam a2200385 a 4500 |
| 001 |
35228 |
| 003 |
BD-DhAAL |
| 005 |
20211129144502.0 |
| 008 |
190904t1995 dcuac b 001 0 eng d |
| 999 |
|
|
|c 41098
|d 41098
|
| 010 |
|
|
|a 95069457
|
| 020 |
|
|
|a 0935989684
|
| 035 |
|
|
|a (OCoLC)32912024
|
| 040 |
|
|
|a IEE
|c IEE
|d TxSmS
|d DLC
|d BD-DhAAL
|
| 042 |
|
|
|a lccopycat
|
| 050 |
0 |
0 |
|a LB1117
|b .B472 1995
|
| 082 |
|
|
|a 370.1523
|
| 100 |
1 |
|
|a Berk, Laura E.
|9 33903
|
| 245 |
1 |
0 |
|a Scaffolding children's learning :
|b Vygotsky and early childhood education /
|c Laura E. Berk and Adam Winsler.
|
| 260 |
|
|
|a Washington :
|b National Association for the Education of Young Children,
|c c1995.
|
| 300 |
|
|
|a ix, 182 pages :
|b illustrations, ports. ;
|c 26 cm.
|
| 440 |
|
0 |
|a NAEYC research into practice series ;
|v v. 7
|9 33904
|
| 490 |
1 |
|
|a NAEYC ;
|v #146
|
| 504 |
|
|
|a Includes bibliographical references (pages 154-167) and indexes.
|
| 526 |
|
|
|a BIED
|
| 541 |
|
|
|a Complimentary copy from BIED
|e 35228
|
| 600 |
1 |
0 |
|a Vygotskiĭ, L. S.
|q (Lev Semenovich),
|d 1896-1934.
|9 33905
|
| 650 |
|
0 |
|a Child development
|x Social aspects.
|9 33906
|
| 650 |
|
0 |
|a Early childhood education.
|9 33907
|
| 650 |
|
0 |
|a Cognition and culture.
|9 33908
|
| 700 |
1 |
|
|a Winsler, Adam.
|9 33909
|
| 830 |
|
0 |
|a NAEYC (Series) ;
|v #146.
|9 33910
|
| 852 |
|
|
|a Ayesha Abed Library
|c BIED Collection
|
| 942 |
|
|
|2 ddc
|c BK
|
| 952 |
|
|
|0 0
|1 0
|2 ddc
|4 0
|6 370_152300000000000_BER
|7 0
|9 66122
|a BRACUL
|b BRACUL
|c GEN
|d 2019-09-04
|e Complimentary copy from BIED
|l 0
|o 370.1523 BER
|p 3010035228
|r 2019-09-04
|t 1
|w 2019-09-04
|y BK
|x Transferred from BIED to General Stacks
|